Dimensiones del aprendizaje /

Manual que expone los cinco aspectos del aprendizaje que se deben cuidar para logarar una reestructuración del proceso educativo. Esos aspectos son: Actitudes y percepciones efectivas en relación al aprendizaje; La adquisición e integración del conocimiento; La extensión y refinamiento del conocimie...

Ausführliche Beschreibung

Gespeichert in:
Bibliographische Detailangaben
1. Verfasser: Marzano, Robert J. (autor)
Weitere Verfasser: Pickering, Debra J. (autor) (autor), Gómez López, Luis Felipe (presentación y traducción) (presentación y traducción)
Format: Buch
Sprache:Spanisch
Veröffentlicht: Guadalajara, México : ITESO, 2005, c2005
Schlagworte:
Tags: Tag hinzufügen
Keine Tags, Fügen Sie das erste Tag hinzu!

MARC

LEADER 00000nam^a2200000^a^4500
001 000324845
005 20250521000000.0
009 20260526140440.621
020 |a 968-6101-27-6 
037 |a Acervo Xavier Clavigero 
041 |a ESP 
082 |a 153. 15  |b MAR 
100 |a Marzano, Robert J.  |e (autor) 
240 1 1 |a [Dimensiones del aprendizaje] 
245 1 0 |a Dimensiones del aprendizaje /  |c R.J. Marzano, D.J. Pickering ; presen. y tr. por L.F. Gómez López. 
264 4 |a Guadalajara, México :  |b ITESO,  |c 2005, c2005 
300 |a 209 p. 
336 |a texto  |b txt  |2 rdacontenido 
337 |a sin mediación  |b n  |2 rdamedio 
338 |a volumen  |b nc  |2 rdasoporte 
500 |a Traducción de: Dimensions of Learning 
520 |a Manual que expone los cinco aspectos del aprendizaje que se deben cuidar para logarar una reestructuración del proceso educativo. Esos aspectos son: Actitudes y percepciones efectivas en relación al aprendizaje; La adquisición e integración del conocimiento; La extensión y refinamiento del conocimiento; El uso significativo del conocimiento; Hábitos mentales productivos. 
649 |a XX 
650 |a Habilidades de Pensamiento 
650 |a Desarrollo Cognoscitivo 
650 |a Psicología Cognitiva 
650 |a Aprendizaje Significativo 
650 |a Aprendizaje -  |x Tema Principal 
650 |a Psicología Educativa 
650 |a Metodología Educativa 
650 |a Innovación Educativa 
650 |a Proceso Educativo 
650 |a Educación 
700 |a Pickering, Debra J.  |e (autor) 
700 |a Gómez López, Luis Felipe  |e (presentación y traducción) 
910 |a Fondo General 
920 |a Impresos - Libros 
930 |a Colección General 
905 |a 101 
901 |a 001693  |b IT1  |c ACC  |u 20250521 
901 |a 040842  |b IT1  |c ACC  |u 20250521 
902 |a https://opac.biblio.iteso.mx/vufind/Record/000324845